[Event "Clutch Chess International"]
[Site "Saint Louis"]
[Date "2020.06.06"]
[Round "1.1"]
[White "Carlsen, Magnus"]
[Black "Xiong, Jeffery"]
[Result "1-0"]
[WhiteElo "2881"]
[BlackElo "2730"]
[Annotator "TA"]
[PlyCount "117"]
[EventDate "2020.06.05"]
[EventCountry "USA"]
[SourceTitle "playchess.com"]
[Source "ChessBase"]
[SourceQuality "1"]

{[%evp 16,117,18,12,21,3,54,44,47,-73,-66,-56,-58,-63,-59,-68,-66,-71,-50,-70,-17,-27,-14,-35,0,0,0,-23,0,-38,-29,-57,-37,-42,-31,-37,32,-28,0,0,0,0,0,0,0,-107,-113,-124,0,-93,0,-265,188,178,167,172,171,171,179,177,191,195,179,120,158,151,187,189,180,166,165,181,145,151,164,139,275,276,659,645,652,652,652,630,630,630,630,622,614,611,594,580,1221,424,372,220,1847,5361,5345,4906,604,5262,4937,4937]} 1. c4 c5 2. Nc3 g6 3. e3 Nf6 4. d4 cxd4 5. exd4 d5 6. Qb3 Bg7 7. cxd5 O-O 8. Be2 Na6 9. Bf3 b5 {B14: Caro-Kann: Panov-Botvinnik Attack with 5...e6 and 5...g6.} 10. Nge2 {[#]} Rb8 $146 (10... b4 $11 11. d6 bxc3 12. Bxa8 Be6) ({Predecessor:} 10... b4 11. Na4 Bb7 12. d6 Bxf3 13. Qxf3 Qxd6 14. O-O Nd5 15. Bg5 Nac7 16. Nc5 h6 17. Bh4 {1-0 (71) Balajayeva,K (2368)-Khotenashvili,B (2446) Budva 2019}) 11. Bf4 (11. Nxb5 $2 Qa5+ 12. Nec3 Bd7 $19) 11... Rb6 {White is slightly better.} 12. Nxb5 (12. O-O $14) 12... g5 $1 $17 {[%cal Rg5f4]} 13. Bxg5 Nc7 14. a4 $1 {Threatens to win with Bxf6.} a6 $1 {[%cal Rf6d5]} 15. d6 exd6 16. O-O axb5 17. a5 Rb8 (17... Ra6 $1 $15) 18. Ng3 Ne6 19. Be3 Nc7 20. Bg5 Ne6 21. Be3 $1 Nc7 22. Rfc1 Be6 23. Qd1 Nfd5 24. a6 Ra8 25. a7 Qe7 (25... Nxe3 $15 26. fxe3 d5) 26. Nh5 (26. Qd3 $14) 26... Nxe3 (26... Ne8 {with more complications.} 27. Qb3 Nxe3 28. Qxe3 d5 29. Bxd5 Rxa7 30. Rxa7 Qxa7 31. Bxe6 fxe6 32. Qxe6+ Kh8) 27. fxe3 Bh6 28. Bxa8 Bxe3+ {[%mdl 64] Double Attack} 29. Kh1 Bxc1 30. Qxc1 (30. Bb7 $11 {keeps the balance.} Be3 31. Qd3) 30... Rxa8 31. Qc3 {With the idea d5!} Nd5 (31... f5 $1 $17 {And now ...Bd5 would win.} 32. Nf4 Bf7) 32. Qc6 (32. Qg3+ $11 {remains equal.} Kf8 33. Qg7+ Ke8 34. Qh8+ Qf8 35. Ng7+ Ke7 36. Qxh7) 32... Nc7 (32... Qd8 $17) 33. Qb7 $2 {[%mdl 8192]} (33. Qc3 $11 {and White is okay.}) 33... Bg4 $4 {[%mdl 8192]} (33... Bd5 $1 $19 {[%cal Rd5b7] and all is fine.} 34. Qb8+ Ne8) 34. Qb8+ $1 $18 Qf8 ({Don't blunder} 34... Bc8 $2 35. Rc1 $18) 35. Nf6+ {[%mdl 64] Double Attack} Kg7 36. Qxf8+ Kxf8 37. Nxg4 {[%mdl 4096] Endgame KRN-KRN} Ke7 38. Ne3 Kd7 39. d5 (39. g4 $18) 39... Kc8 40. Nf5 Kd7 41. h4 $1 Nxd5 42. Ra6 Nc7 43. Rxd6+ Ke8 44. Rh6 Rxa7 45. Rxh7 Ne6 (45... Ra4 $16 {is a better defense.} 46. Nd6+ Ke7) 46. h5 {Strongly threatening h6.} b4 $2 (46... Ra4 47. Rh8+ Kd7) 47. h6 Ra5 48. g4 Ra1+ 49. Kh2 {Hoping for Rg7!} Ra2 50. Rh8+ Kd7 51. Kg3 Rxb2 52. h7 Rb3+ 53. Kh4 Rb1 {intending ...Rh1+.} 54. g5 (54. Ng3 $142) 54... b3 {Threatening ...b2.} 55. Ng3 (55. Rd8+ Nxd8 56. Ng3 b2 $11) (55. Kg4 $142) 55... Nf4 $2 (55... b2 56. Rb8 Nf4) 56. Kg4 (56. Rg8 $142 Rb2 57. Nf1 (57. Rd8+ Kc7 $16) 57... Ng6+ 58. Rxg6 $1 {[%mdl 576] Remove Defender, Promotion} fxg6 59. h8=Q) 56... Ng6 {[#]} 57. Rg8 $1 {[%cal Rg8g6]} b2 {[#]} 58. Rxg6 $1 {[%mdl 512]} Rh1 (58... fxg6 59. h8=Q) 59. Rb6 {Accuracy: White = 71%, Black = 56%.} 1-0

[Event "Clutch Chess International"]
[Site "Saint Louis"]
[Date "2020.06.07"]
[Round "1.1"]
[White "Dominguez Perez, Leinier"]
[Black "Caruana, Fabiano"]
[Result "1-0"]
[WhiteElo "2786"]
[BlackElo "2773"]
[Annotator "TA"]
[PlyCount "97"]
[EventDate "2020.06.05"]
[EventType "k.o."]
[EventCountry "USA"]
[SourceTitle "playchess.com"]
[Source "ChessBase"]
[SourceQuality "1"]

{[%evp 12,97,8,14,27,19,26,29,27,15,45,22,22,22,22,19,32,27,34,35,38,21,267,118,119,111,110,111,121,118,126,129,166,145,143,144,150,139,179,131,137,95,341,289,292,111,221,212,245,262,374,368,388,278,260,189,187,198,388,385,385,388,480,472,1170,1096,1079,513,513,501,960,667,29992,2136,1478,285,281,277,291,240,267,265,268,270,431,433,962,953]} 1. e4 c6 2. d4 d5 3. e5 Bf5 4. h4 h5 5. Bd3 Bxd3 6. Qxd3 e6 7. Nf3 Be7 {B12: Caro-Kann: Advance Variation.} 8. c4 dxc4 9. Qxc4 {[#]} Nd7 $146 {White has an edge.} ({Predecessor:} 9... Nh6 10. Nc3 Nd7 11. Bg5 Nb6 12. Qb3 Ng4 13. a4 Qd7 14. Bxe7 Qxe7 15. Ne4 O-O {1-0 (36) Fronda Pascua,J (2147)-Tejada,R (1605) Quezon City 2019}) 10. Qc2 c5 11. d5 exd5 {[#]} 12. e6 $1 {[%mdl 512]} fxe6 13. Qg6+ {[%mdl 64] Double Attack} Kf8 {Hoping for ...Bf6.} 14. Qxe6 Bf6 15. O-O Ne7 16. Nc3 $40 {[%mdl 128] White attacks.} Rc8 $2 (16... Qc8 $11) 17. Ng5 ({Not} 17. Nxd5 Nxd5 18. Qxd5 Ne5 $16) (17. Nb5 $1 $18 {[%cal Rb5d6] is the precise move to win. Black must now prevent Nd6!} Ng6 18. Nd6 $1 {[%mdl 512]} (18. Nxa7 Ra8 $16) (18. Qxd5 Nde5 $11)) 17... Bxg5 $16 18. Bxg5 Rc6 19. Bxe7+ $1 Qxe7 20. Qxd5 {Rfe1 is the strong threat.} Nf6 21. Qf3 Kf7 22. Rfe1 Qd7 23. Ne4 {Threatens to win with Rad1.} Kg6 24. Ng5 Rd6 25. Qc3 Rc8 26. Re5 c4 $2 (26... Rd1+ $16 27. Rxd1 Qxd1+ 28. Re1 Qd5) 27. Rae1 Rd3 28. Qb4 $2 (28. Qc2 $18 {has better winning chances.}) 28... b6 {[#]} (28... Rd1 $16) 29. Re7 $1 $18 {[%cal Re7d7]} Qd6 30. Qa4 a5 (30... Rc7 {keeps fighting.} 31. R7e6 Qd7) 31. Qc2 Rc7 32. R7e6 Qf4 33. g3 Qf5 34. Qe2 Rcd7 $2 (34... Kh6 {was necessary.} 35. Rxb6 Qc5) 35. Rxb6 Rd8 36. Ne6 (36. Qe7 R3d7 $18) 36... Rd2 37. Qe3 R8d6 (37... R2d3 $142 38. Qe5 (38. Nxd8 Rxe3 39. Rxe3 Qc5 $14) 38... Qxe5 39. Rxe5 R3d6) 38. Nf8+ Kf7 39. Rb7+ (39. Rxd6 $142 Rxd6 40. Qe7+ {[%mdl 64] Double Attack} Kg8 41. Qxd6) 39... Kg8 40. Ne6 Kh8 (40... Rd7 $142 41. Rb8+ Kf7 42. Rf8+ Kg6) 41. Ng5 {Intending Qe8+! and mate.} Kg8 {[#]} 42. Rb8+ (42. Qxd2 $142 $1 {[%mdl 512]} Ne4 (42... Rxd2 43. Rb8+) 43. Rb8+ Qf8 44. Rxf8+ Kxf8 45. Qf4+ {[%mdl 64] Double Attack} Rf6 46. Qxe4 g6 47. Qe7+ {[%mdl 64] Double Attack} Kg8 48. Qh7+ Kf8 49. Qh8#) 42... Rd8 43. Qxd2 $2 (43. Qb6 Rc8 44. Qa7) 43... Rxb8 44. Qd6 Rf8 45. Qd4 Qc2 46. Re7 {And now Ne6 would win.} Qb1+ 47. Kg2 {Strongly threatening Ne6.} Qf5 (47... Qd3 $142 48. Qa7 Qd5+ 49. f3 Ne8) 48. Ne6 {[%mdl 64] Double Attack} Re8 (48... Rb8 $142 49. Qxc4 Qe4+ 50. Qxe4 Nxe4 51. Rxg7+ Kh8) 49. Nxg7 {[%mdl 64] Double Attack. Accuracy: White = 56%, Black = 39%.} 1-0

[Event "Clutch Chess International"]
[Site "Saint Louis"]
[Date "2020.06.07"]
[Round "1.1"]
[White "Aronian, Levon"]
[Black "Grischuk, Alexander"]
[Result "0-1"]
[WhiteElo "2778"]
[BlackElo "2784"]
[Annotator "TA"]
[PlyCount "146"]
[EventDate "2020.06.05"]
[EventType "k.o."]
[EventCountry "USA"]
[SourceTitle "playchess.com"]
[Source "ChessBase"]
[SourceQuality "1"]

{[%evp 26,146,22,2,0,2,13,0,7,6,10,6,27,0,0,0,0,0,18,0,0,0,0,0,0,0,12,12,17,5,15,16,11,12,33,35,33,42,44,26,94,91,224,199,289,42,116,119,177,181,155,91,90,85,102,0,0,0,0,0,0,0,0,-176,-121,-248,-235,-231,-206,-200,-192,-201,-181,-187,-157,-172,-154,-158,-130,-204,-202,-246,-148,-211,-181,-566,-487,-1195,-1193,-1745,-1436,-1401,-1379,-1860,-1535,-2287,-1955,-1445,-5794,-5681,-5226,-29968,-29970,-29970,-29970,-29974,-29975,-29975,-29970,-29970,-29969,-29964,-11728,-29975,-29974,-29978,-29978,-29976,-29976,-29976,-29977,-29974,-29962]} 1. d4 Nf6 2. c4 e6 3. Nf3 d5 4. Nc3 c5 5. cxd5 Nxd5 6. e4 Nxc3 7. bxc3 cxd4 8. cxd4 Bb4+ 9. Bd2 Bxd2+ 10. Qxd2 O-O 11. Bc4 Nd7 12. O-O b6 13. Rad1 Bb7 14. Rfe1 Rc8 {D41: Queen's Gambit Declined: Semi-Tarrasch with 5 cxd5.} 15. Bb3 Re8 16. h3 Nf6 {The position is equal.} 17. Qf4 Qc7 18. Ne5 Re7 19. Qh4 {[#]} Qd8 $5 $146 {[%mdl 8] New and interesting.} ({Predecessor:} 19... Ree8 20. Re3 Qe7 21. d5 Nxd5 22. Qxe7 Nxe7 23. Rd7 Ba8 24. Rf3 Nc6 25. Nxf7 Na5 26. Ng5 h6 27. Bxe6+ Kh8 28. Nf7+ Kh7 29. Bf5+ Kg8 30. Rg3 Kf8 31. Nd6 {1-0 (31) Andreikin,D (2722)-Dominguez Perez,L (2750) Hengshui 2019}) 20. f3 h6 21. Qf2 Rec7 22. h4 Rc3 23. d5 exd5 24. exd5 {Hoping for d6.} Qd6 $1 (24... Nxd5 $6 25. Qd4 $16) (24... Bxd5 $6 25. Ng4 $16) 25. Qd4 R3c5 26. Nc4 Qg3 {[%cal Rf6d5]} ({Of course not} 26... Qxd5 $6 27. Qb2 $16) 27. Ne3 $36 {[%mdl 2048] White is more active.} Re8 $1 {Threatens to win with ...Bxd5!} 28. Re2 {Nf5 is the strong threat.} Qe5 29. Kf2 Qxd4 30. Rxd4 Kf8 31. g4 g6 32. Red2 Nd7 (32... Rd8 $11) 33. Nc4 $16 {Strongly threatening Nd6.} Ba8 (33... Rd8 $16) 34. Nd6 $18 Rd8 (34... Re7 $142 35. g5 h5) 35. Ne4 $2 (35. Rf4 $1 $18 f6 36. Ne4) 35... Ra5 (35... Rc1 $14) 36. g5 $16 hxg5 (36... h5 $16) 37. hxg5 $18 Kg7 {[#]} 38. Rc2 (38. Re2 $142 $1) 38... Nc5 $16 {[#]} 39. Nf6 $1 Nd7 ({Avoid the trap} 39... Nxb3 $2 40. axb3 Rh8 41. d6 $18) 40. Rc7 ({Better is} 40. Rf4 $16) 40... Nxf6 $11 41. gxf6+ Kxf6 {[%cal Ra8d5]} 42. d6 {And now f4 would win.} Ke5 43. Rd3 {aiming for Re7+.} Bd5 44. d7 $2 (44. Bxd5 $11 Rxd5 45. Rxd5+ Kxd5 46. Rxf7) 44... Bxb3 (44... Kd6 $19 45. Rc4 Rxd7) 45. Rc8 {[#]} (45. axb3 $17 Rd5 46. Rxd5+ Kxd5 47. Rxa7) 45... Rxd7 $1 $19 46. Rxd7 Rxa2+ {[%mdl 4096] Endgame KRR-KRB} 47. Kg3 Be6 48. Re8 Kf6 49. Rb7 Ra3 50. Rd8 g5 51. Kf2 Ke5 52. Rc7 (52. Rd2 $17 {was worth a try.}) 52... a5 53. Rc1 a4 54. Re1+ Kf6 55. Re4 $2 (55. Rb1) 55... b5 56. Rb4 (56. Ra8 $142 Ra2+ 57. Re2) 56... Rb3 57. Rxb3 Bxb3 {KR-KB} 58. Ra8 Ke5 59. Ke3 f5 60. Re8+ Be6 61. Rb8 f4+ 62. Kd3 Bc4+ 63. Kc3 a3 {[%cal Ba4a3,Ba3a2][%mdl 32]} 64. Re8+ Kf5 65. Rf8+ Kg6 66. Rh8 a2 67. Kb2 Kf5 68. Rf8+ Ke5 69. Rd8 Bd5 {Black mates.} 70. Rb8 Bxf3 71. Kxa2 Bd5+ 72. Kb2 Bc4 73. Kc3 Ke4 {What a bad dream for White. Accuracy: White = 60%, Black = 77%.} 0-1

[Event "Clutch Chess International"]
[Site "Saint Louis"]
[Date "2020.06.06"]
[Round "1.1"]
[White "So, Wesley"]
[Black "Vachier-Lagrave, Maxime"]
[Result "1/2-1/2"]
[WhiteElo "2741"]
[BlackElo "2860"]
[Annotator "TA"]
[PlyCount "140"]
[EventDate "2020.06.05"]
[EventCountry "USA"]
[SourceTitle "playchess.com"]
[Source "ChessBase"]
[SourceQuality "1"]

{[%evp 12,140,17,35,31,0,29,26,43,31,43,37,72,45,130,129,121,131,130,117,206,208,304,300,281,302,281,294,306,283,288,282,263,270,397,402,393,402,401,401,391,389,430,362,399,384,414,425,519,470,569,477,576,222,246,224,234,179,231,221,303,300,236,81,80,84,129,88,83,70,95,94,80,69,68,32,36,0,13,9,176,176,176,0,0,0,0,0,0,0,0,0,0,0,0,0,0,0,0,0,0,0,37,62,80,0,0,0,0,0,0,0,0,0,0,0,0,0,0,0,0,0,0,0,0,0,0,0,0,0,0]} 1. d4 d5 2. c4 c6 3. Nf3 Nf6 4. e3 Bf5 5. Nc3 e6 6. Nh4 Be4 7. f3 Bg6 {D12: Slav Defence: 3 Nf3 Nf6 4 e3 Bf5.} 8. Bd2 Nbd7 9. Qb3 Rb8 {White has an edge.} 10. Nxg6 hxg6 11. cxd5 exd5 12. e4 dxe4 ({Better is} 12... Qb6 $14) 13. fxe4 $16 {[#]} Be7 $146 ({Predecessor:} 13... Nxe4 14. Nxe4 Qh4+ 15. Nf2 Qxd4 16. Qe3+ Qe5 17. Qxe5+ Nxe5 18. Bc3 Nd7 19. O-O-O f6 20. Bd3 g5 21. Bg6+ Kd8 22. Bf5 {1-0 (22) Janosi,E (2206)-Hughes,C (692) LSS email 2009}) 14. e5 Ng4 15. Bc4 $36 {[%mdl 2048] Black is under strong pressure.} O-O (15... Ngxe5 $16 16. dxe5 Nc5) 16. Rf1 $1 $18 {[%cal Rc4f7]} Bh4+ (16... Ngxe5 {was called for.} 17. dxe5 Nxe5) 17. g3 Bg5 18. Bxf7+ ({And not} 18. Rxf7 Bxd2+ 19. Kxd2 Nc5 $11) 18... Kh8 19. O-O-O c5 20. Qe6 Nh6 21. Qxg6 Bxd2+ 22. Rxd2 ({Avoid the trap} 22. Kxd2 $2 cxd4 23. Kc2 Nxe5 $19) 22... cxd4 (22... Qc7 $142) 23. Rxd4 Qe7 24. Rh4 Qxh4 25. gxh4 Nxe5 26. Qg3 Nhxf7 27. Rf5 Rfe8 28. a3 Rbc8 29. Kb1 Rc4 30. Nd5 Rg4 31. Qb3 Rxh4 32. Qxb7 $2 (32. Qe3 Ra8 33. Rxe5 Nxe5 34. Qxe5) 32... Nd6 33. Rxe5 $1 Nxb7 34. Rxe8+ {[%mdl 4096] Endgame KRN-KRN} Kh7 35. Re7 Nd6 36. Rxa7 Rxh2 37. Nf6+ $2 (37. a4 $18 {is more deadly.}) 37... Kg6 $16 {[#]} 38. Ng4 $1 {[%cal Rg4h2]} Rd2 39. Kc1 Rd4 40. Ne3 Kf6 41. Kc2 g5 42. Rd7 Ke6 $1 {[%cal Re6d7]} 43. Rg7 {aiming for Rg6+.} Ke5 44. Nd1 Ne4 45. Nc3 Kf5 $2 (45... Kf6 $11 {and Black stays safe.} 46. Rg8 Kf7) 46. Nxe4 $18 Rxe4 {[#] KR-KR} 47. Kb3 $2 (47. b4 $1 $18) 47... g4 $11 48. a4 Re3+ 49. Kb4 Re4+ 50. Ka3 Re5 51. b4 Re3+ $1 52. Kb2 Re4 53. Kc3 Re3+ $1 54. Kc4 Re4+ 55. Kb5 Re5+ $1 56. Ka6 {Strongly threatening b5.} Re6+ 57. Ka5 {Black must now prevent b5.} Rg6 $1 {[%cal Rg6g7]} 58. Rf7+ (58. Rxg6 $16 {Intending Rg8 and mate.} Kxg6 59. b5) 58... Ke6 {The position is equal.} 59. Rf1 {b5 is the strong threat.} g3 60. b5 g2 61. Rg1 Kd7 62. b6 {And now Ka6 would win.} Kc8 63. Ka6 {Threatens to win with Ka7.} Kb8 64. a5 Rg8 65. Kb5 Rg5+ 66. Kc6 Rg6+ 67. Kd5 Rg5+ 68. Kd6 Kb7 69. Ke6 Rxa5 70. Rxg2 Kxb6 {Accuracy: White = 79%, Black = 63%.} 1/2-1/2

[Event "Clutch Chess International"]
[Site "Saint Louis"]
[Date "2020.06.06"]
[Round "1.2"]
[White "Vachier-Lagrave, Maxime"]
[Black "So, Wesley"]
[Result "1/2-1/2"]
[WhiteElo "2860"]
[BlackElo "2741"]
[Annotator "TA"]
[PlyCount "146"]
[EventDate "2020.06.05"]
[EventCountry "USA"]
[SourceTitle "playchess.com"]
[Source "ChessBase"]
[SourceQuality "1"]

{[%evp 11,146,0,0,0,0,0,0,0,0,0,0,0,0,0,0,0,0,0,0,0,0,0,7,9,10,9,6,10,13,15,9,9,7,0,0,0,4,5,5,0,0,0,0,0,4,7,6,5,9,6,14,0,0,0,0,0,17,0,3,0,1,0,0,0,0,0,0,0,0,0,0,0,0,0,8,-33,-48,-58,-64,-54,-51,-47,-8,-8,-8,-8,-8,-8,-8,-8,0,-8,-8,-8,-8,-8,-8,-8,-8,-8,-8,-8,-8,-8,-8,-8,0,-122,0,-122,0,-122,0,-122,-122,-122,-8,-8,-8,-8,-8,-122,0,-8,-8,-8,-8,-63,-63,-122,-122,-137,0,-153,-181,-181,-188]} 1. d4 Nf6 2. c4 e6 3. Nc3 Bb4 4. Qc2 O-O 5. e4 d5 6. e5 Ne4 $1 7. Nf3 {E32: Nimzo-Indian: Classical (4 Qc2): 4...0-0.} c5 $1 8. Bd3 cxd4 9. Nxd4 {The position is equal.} Nd7 $1 10. Bf4 Qh4 11. g3 Qh5 12. O-O g5 13. cxd5 Bxc3 14. bxc3 exd5 15. Be3 Nxe5 16. f3 Nxd3 17. Qxd3 Nd6 18. g4 Qg6 19. Qxg6+ hxg6 20. Bxg5 f6 21. Bf4 Nc4 {[#]} 22. Nb5 $146 ({Predecessor:} 22. h4 Bd7 23. Kf2 Kf7 24. Rh1 Rac8 25. Rac1 Nb2 26. Rc2 Nd3+ 27. Ke3 Ne5 28. Kf2 Nd3+ 29. Ke3 Ne5 30. Kf2 Nd3+ {½-½ (30) Mamedyarov,S (2772)-So,W (2760) Bucharest 2019}) 22... Bd7 23. Nc7 Rac8 24. Nxd5 {[#] Strongly threatening Ne7+.} Rc5 25. Rad1 Be6 26. Nb4 g5 27. Rfe1 Bxg4 28. fxg4 gxf4 29. Nd3 Ra5 30. Nxf4 Rxa2 31. Ng6 Rf7 32. h4 Kg7 33. h5 Kh6 34. Rd4 b5 35. Re8 f5 36. Rh8+ Kg5 37. Rg8 Kh6 $1 38. Rh8+ Kg5 39. Rg8 Kh6 $1 40. g5+ Kxh5 41. Nf4+ Kg4 {Hoping for ...Nd2.} 42. g6 Rb7 $1 $132 {[%mdl 2048] Black puts up resistance} 43. Rf8 Ne5 {...Nf3+ is the strong threat.} 44. Nh5+ {[%mdl 64] [#] Decoy} Kxh5 45. Rxf5+ Kxg6 46. Rxe5 $15 {[%mdl 4096] Endgame KRR-KRR} a5 {next ...a4 is good for Black.} 47. Rd6+ Kg7 48. Rg5+ Kf8 {Black wants to play ...Rb2.} 49. Rf6+ Ke7 50. Ra6 Kf7 51. Rag6 (51. Rf5+ {keeps more tension.} Kg7 52. Rg5+ Kh7 53. Rh5+ Kg8 54. Rg5+) 51... Ke8 {White must now prevent ...a4.} 52. Rg8+ Kd7 {With the idea ...a4.} 53. R8g7+ Kc8 54. Rxb7 Kxb7 55. Rxb5+ $11 {KR-KR} Ka6 56. Rb8 a4 57. c4 {[%cal Bc3c4,Bc4c5][%mdl 32]} a3 {And now ...Ka5 would win.} (57... Ka7 {feels hotter.} 58. Rb4 Ra1+ 59. Kf2 a3 60. c5 a2) 58. c5 $1 Ka5 {aiming for ...Rc2.} 59. Ra8+ (59. c6 $11) 59... Kb4 (59... Kb5 $17 60. Rb8+ Kxc5) 60. Rb8+ (60. c6 $11 {was the only way to keep the balance.}) 60... Ka4 (60... Kxc5 $17 61. Rb3 Kd4) 61. Ra8+ (61. c6 $11) 61... Kb4 62. Rb8+ Kxc5 63. Rb3 Ra1+ (63... Kc4 $17 64. Rf3 Kd5) 64. Kh2 $1 Kc4 65. Rg3 $1 Ra2+ 66. Kh1 (66. Kh3 $1 $11) 66... Ra1+ ({Black should try} 66... Kb4 $17 67. Rg4+ Kc3 68. Rg3+ Kc2 69. Rg2+ Kb1 70. Rg1+ Kc2 71. Rg2+ Kb3 72. Rg3+ Kc4 73. Rg4+ Kc5 74. Rg5+ Kc4 75. Rg4+ Kc3 76. Rg3+ Kd4) 67. Kh2 $1 Kd4 68. Rg4+ Ke3 {Threatens to win with ...Ra2+.} 69. Rg3+ $1 Kf4 {( -> ...Rh1+!)} 70. Rb3 (70. Rc3 $15) 70... Ke4 71. Rg3 Kd4 72. Rg4+ Kc3 73. Rg3+ Kc4 {Accuracy: White = 88%, Black = 89%.} 1/2-1/2

[Event "Clutch Chess International"]
[Site "Saint Louis"]
[Date "2020.06.07"]
[Round "1.2"]
[White "Grischuk, Alexander"]
[Black "Aronian, Levon"]
[Result "1/2-1/2"]
[WhiteElo "2784"]
[BlackElo "2778"]
[Annotator "TA"]
[PlyCount "117"]
[EventDate "2020.06.05"]
[EventType "k.o."]
[EventCountry "USA"]
[SourceTitle "playchess.com"]
[Source "ChessBase"]
[SourceQuality "1"]

{[%evp 15,117,8,6,0,0,2,17,17,28,0,0,0,0,0,29,0,0,0,0,0,15,7,11,12,9,0,18,16,17,17,18,20,16,6,18,0,0,0,0,0,0,0,43,46,180,192,204,200,259,137,138,0,0,0,0,0,0,0,0,0,0,0,0,0,0,0,0,0,0,0,0,0,0,0,0,0,0,0,0,0,0,0,0,0,0,0,0,0,0,0,0,0,0,0,0,0,0,0,0,0,0,0,0,0]} 1. d4 Nf6 2. c4 e6 3. Nc3 Bb4 4. e3 O-O 5. Bd3 d5 6. a3 Bxc3+ 7. bxc3 dxc4 8. Bxc4 c5 9. Bd3 {E49: Nimzo-Indian: Rubinstein: 5 Bd3 d5 6 a3 Bxc3+ 7 bxc3.} Qc7 {With the idea ...cxd4.} 10. Bb2 b6 11. Qe2 Bb7 12. Nf3 {[#]} Be4 $146 ({Predecessor:} 12... Nbd7 13. e4 Nh5 14. g3 Nhf6 15. Nd2 Rfd8 16. f3 Nb8 17. f4 Qc8 18. O-O Ba6 {1-0 (32) Song,M (2373)-Friedel,J (2523) Rockville 2016}) 13. c4 Bxd3 14. Qxd3 Rd8 15. O-O (15. d5 $5) 15... cxd4 16. exd4 Nc6 17. d5 exd5 18. Bxf6 $1 gxf6 19. cxd5 {Black must now prevent Qc4.} Ne7 20. Rac1 {[%cal Ba1c1,Bc1c4,Bc4g4][%mdl 32]} Qd6 21. Rc4 Rac8 22. Rg4+ Kh8 $1 23. Rh4 {[%csl Gh4][%cal Rd3h7]} Ng6 24. Rh5 Rc5 {[%cal Rc5d5]} 25. Rd1 $36 {[%mdl 2048] White is more active.} Qf4 26. h3 Qc4 27. Qf5 Kg7 28. Rd4 Qc1+ 29. Kh2 Qc2 {[#]} (29... Rc4 $1 $14) 30. Rxh7+ $1 $18 Kxh7 31. Qxf6 {[%mdl 64] White threatens Ng5+ and mate. Double Attack} Rf8 {[#]} 32. Ne5 (32. Nh4 $1 $18 {[%cal Rh4g6] Strongly threatening Nxg6.} Rc4 33. Nxg6 fxg6 34. Rxc4 (34. Qxf8 Rxd4 35. Qe7+ Kg8 $11) 34... Qxc4 35. Qxf8 Qxd5 36. Qe7+ Kg8 37. Qxa7 Qe5+ 38. g3) 32... Kg8 $16 33. Rg4 (33. f4 $16 {f5 is the strong threat.} Qb2 34. Nxg6 fxg6 35. Qxg6+ Kh8 36. Qh6+ Kg8 37. Qg6+ Kh8 38. Qh6+ Kg8 39. Qg6+) 33... Qc3 $1 $11 {The position is equal.} ({Don't blunder} 33... Qb2 $2 34. Qd6 $18) 34. f4 Rxd5 35. Rxg6+ fxg6 36. Qxg6+ Kh8 37. Qh6+ {[%mdl 64] Double Attack} Kg8 38. Qe6+ {[%mdl 64] Double Attack} Kg7 39. Qxd5 Rxf4 {[%mdl 4096] Endgame KQR-KQN} 40. Qd6 Rf8 41. Qe7+ Kg8 42. Qg5+ Kh7 $1 43. Qe7+ Kg8 44. Qg5+ Kh7 $1 45. Qh5+ Kg7 46. Qg6+ Kh8 47. Qh6+ Kg8 48. Qg6+ Kh8 49. Nf7+ Rxf7 50. Qxf7 Qxa3 {KQ-KQ} 51. h4 Qd6+ 52. Kh3 a5 53. h5 Qe5 54. g4 a4 55. Kh4 Qh2+ 56. Kg5 {Hoping for Qf8+.} Qe5+ 57. Kh4 Qh2+ 58. Kg5 {And now Qf8+ would win.} Qe5+ 59. Kh4 {Accuracy: White = 87%, Black = 88%.} 1/2-1/2